Woodys by Picture - Statistics

General Stats
  • This quiz has been taken 27 times
  • The average score is 4 of 5
Answer Stats
Picture Hint Answer % Correct
Woody Woodpecker
96%
Woody Allen
88%
Woody Harrelson
80%
(which movie?) Woody (Toy Story)
80%
Woody Guthrie
48%
No matching quizzes found
Score Distribution
Percent of People with Each Score
Percentile by Number Answered
Your Score History
You have not taken this quiz